Google-Jahresrückblick 2024 (Hum-to-Search-Trends) - Statistiken

Allgemein
  • Dieses Quiz wurde 35 mal gespielt
  • Das Durchschnittsergebnis liegt bei 4 aus 10
Antwortstatistiken
# Lyrics Interpret Song % Korrekt
1 Du willst einen Body? (Ja)Dann musst du pushen (uh) Shirin David Bauch Beine Po
93%
10 I′m bulletproof, nothing to loseFire away, fire away David Guetta Titanium
63%
4 There once was a ship that put to seaThe name of the ship was the Billy O' Tea Nathan Evans & Santiano Wellerman
60%
7 Die Erdanziehungskraft ist überwundenAlles läuft perfekt, schon seit Stunden Peter Schilling Major Tom
53%
9 Please stayI want you, I need you, oh God Benson Boone Beautiful Things
43%
3 Stock und Hut steh'n ihm gutIst gar wohlgemut Simone Sommerland, Karsten Glück & Die Kita-Frösche Hänschen klein
33%
2 Ja, wir leben grad in 'ner geilen ZeitDenn endlich gibt es hier Takis und Prime LukasBS Burgerpommes
27%
6 Live your life with arms wide openToday is where your book begins Natasha Bedingfield Unwritten
27%
8 Tear me to pieces, skin to boneHello, welcome home Billie Eilish Lovely
20%
5 Rivedo ancora il trenoAllontanarsi, e tu I Santo California Torneró
7%
Keine übereinstimmenden Quizze gefunden
Verteilung der Resultate
Anzahl Personen mit jedem Resultat
Perzentil nach korrekt beantworteten Fragen
Ihre Resultats-Entwicklung
Sie haben dieses Quiz noch nicht gespielt